000 00808nam a2200253Ia 4500
003 OSt
005 20221005092630.0
006 a|||||r|||| 00| 0
007 ta
008 221004b |||||||| |||| 00| 0 eng d
020 _a9780739122648 (hbk)
_c3800.52
024 _a1840
037 _b10816, 05/10/2012, Elite Publishers Distributors
_cTextual
040 _aCRL
_cCRL
_beng
041 _2eng
_aeng
082 _aR39(S:45), Q1
100 _aMeer Zubin Ed.
_9617607
245 0 _aIndividualism
_b The cultural logic of modernity
260 _aNew York
_bRowman & Littlefield Pub U.S.A
_c2011
300 _aviii, 272p.
_ccm.
650 _aPHILOSOPHY
942 _hR39(S:45), Q1
_cTEXL
_2cc
999 _c999128
_d999128